Catholic University of Zimbabwe Library
Online Public Access Catalogue
(OPAC)

Changement climatique (Record no. 32489)

MARC details
000 -LEADER
fixed length control field 02564nam a22003737a 4500
001 - CONTROL NUMBER
control field 103226
003 - CONTROL NUMBER IDENTIFIER
control field KnowledgeUnlatched
005 - DATE AND TIME OF LATEST TRANSACTION
control field 20210303104738.0
006 - FIXED-LENGTH DATA ELEMENTS--ADDITIONAL MATERIAL CHARACTERISTICS
fixed length control field m o d
007 - PHYSICAL DESCRIPTION FIXED FIELD--GENERAL INFORMATION
fixed length control field cr u||||||||||
008 - FIXED-LENGTH DATA ELEMENTS--GENERAL INFORMATION
fixed length control field 210129p20152019xx o u00| u fre d
037 ## - SOURCE OF ACQUISITION
Institution to which field applies BiblioBoard
020 ## - INTERNATIONAL STANDARD BOOK NUMBER
International Standard Book Number 9782709921695
024 8# - OTHER STANDARD IDENTIFIER
Standard number or code https://doi.org/10.4000/books.irdeditions.29392
029 1# - OTHER SYSTEM CONTROL NUMBER (OCLC)
OCLC library identifier https://library.biblioboard.com/ext/api/media/d328b96d-b11b-4380-905e-1744f69fb836/assets/thumbnail.jpg
040 ## - CATALOGING SOURCE
Original cataloging agency ScCtBLL
Transcribing agency ScCtBLL
245 00 - TITLE STATEMENT
Title Changement climatique
Remainder of title Quels défis pour le Sud ? /
Statement of responsibility, etc. Serge Janicot, Magali Reinert.
264 #1 - PRODUCTION, PUBLICATION, DISTRIBUTION, MANUFACTURE, AND COPYRIGHT NOTICE
Name of producer, publisher, distributor, manufacturer IRD Éditions,
300 ## - PHYSICAL DESCRIPTION
Extent 1 online resource (1 p.)
506 0# - RESTRICTIONS ON ACCESS NOTE
Terms governing access Access copy available to the general public.
Standardized terminology for access restriction Unrestricted
Source of term star
520 ## - SUMMARY, ETC.
Summary, etc. La mobilisation autour de la conférence Paris Climat 2015 (COP 21) a été l'occasion de mettre en relief la vulnérabilité des milieux et des populations du Sud face au réchauffement climatique. Certaines régions de la zone intertropicale en subissent déjà les effets, que ce soient les vagues de chaleur au Sahel, la perturbation des systèmes de mousson, la fonte des glaciers andins, les menaces sur la biodiversité, l'élévation du niveau des océans. Cet ouvrage en donne un aperçu synthétique décliné en trois temps : observer et comprendre le changement climatique, analyser ses principaux impacts en fonction des milieux, remettre les sociétés et les politiques publiques nationales au cœur du défi climatique. En insistant sur les capacités de résilience des populations et des écosystèmes face à l'évolution du climat, l'ouvrage explore les solutions conciliant atténuation du changement climatique et adaptation, préservation de l'environnement et réduction des inégalités.
588 0# - SOURCE OF DESCRIPTION NOTE
Source of description note Description based on print version record.
590 ## - LOCAL NOTE (RLIN)
Local note OpenEdition Books Select 2018: HSS Backlist Books
650 #7 - SUBJECT ADDED ENTRY--TOPICAL TERM
Topical term or geographic name entry element Business & Economics / Development / Sustainable Development
Source of heading or term bisacsh
650 #0 - SUBJECT ADDED ENTRY--TOPICAL TERM
Topical term or geographic name entry element Economics
655 #0 - INDEX TERM--GENRE/FORM
Genre/form data or focus term Electronic books.
700 1# - ADDED ENTRY--PERSONAL NAME
Personal name Janicot, Serge
Relator term editor.
700 1# - ADDED ENTRY--PERSONAL NAME
Personal name Reinert, Magali
Relator term editor.
758 ## -
-- Is found in:
-- Knowledge Unlatched
-- https://openresearchlibrary.org/module/2774bc74-146a-484f-a7ba-ab1d6a09bbfb
856 40 - ELECTRONIC LOCATION AND ACCESS
Uniform Resource Identifier <a href="https://openresearchlibrary.org/content/d328b96d-b11b-4380-905e-1744f69fb836">https://openresearchlibrary.org/content/d328b96d-b11b-4380-905e-1744f69fb836</a>
Public note View this content on Open Research Library.
-- 0
Holdings
Withdrawn status Lost status Source of classification or shelving scheme Damaged status Not for loan Home library Current library Shelving location Date acquired Total Checkouts Date last seen Uniform Resource Identifier Price effective from Koha item type
          Digital Library Digital Library Online Access 03.03.2021   03.03.2021 https://openresearchlibrary.org/content/d328b96d-b11b-4380-905e-1744f69fb836 03.03.2021 eBook

OPENING HOURS

Weekdays: 0815hrs - 1800hrs
Weekends:0900hrs - 1200hrs

Closed for Mass:

Mon, Thur: 1200hrs - 1300hrs
Sunday & Public Holiday’s

CALL SUPPORT

0242-570570, 0242-570169
09200664, +263 8644140602

LOCATION

18443, Cranborne Avenue, Hatfield, Harare

Other Links


©2021 | CUZ Library